|
|
|
|
| LEADER |
00000cam a2200000 a 4500 |
| 001 |
64000 |
| 003 |
Ucuenca |
| 005 |
20230308160910.0 |
| 008 |
991101|1982 hk |||||r|||||||||||spa|| |
| 020 |
|
|
|a 0175552908
|
| 040 |
|
|
|b spa
|
| 041 |
0 |
|
|a eng
|
| 082 |
0 |
|
|a 428
|
| 100 |
1 |
|
|a White, Ronald V.
|9 21968
|
| 245 |
|
|
|a Functional english. 1 consolidation. Teacher's book
|c Ronald V. White
|h imp
|
| 264 |
|
|
|a Hong Kong
|b Thomas Nelson y Sons Limited
|c 1982
|
| 300 |
|
|
|a 55 páginas:
|c 21.5 cm
|
| 500 |
|
|
|a Grupo 10: Teacher Training.
|
| 504 |
|
|
|a incl. ref.
|
| 650 |
1 |
|
|a Teacher'S book
|9 22132
|
| 650 |
1 |
|
|a Enseñanza del ingles
|9 16413
|
| 650 |
1 |
|
|a Functional english 1 consolidation
|9 22133
|
| 852 |
|
|
|a UC-CDJBV
|f Donación
|k npena
|l 1
|m General
|p 19911018
|q 1000.00
|r 2
|t 64000
|b 0
|d CDRC
|e CDRC
|g 428 SEGUNDO PISO
|z 1991-11-01
|
| 942 |
|
|
|c BK
|
| 999 |
|
|
|c 12703
|d 12703
|